Największe dworce kolejowe w Polsce - Statystyki

Ogólne statystyki
  • Ten quiz został rozwiązany 809 razy
  • Średni wynik to 8 z 10
Statystyki odpowiedzi
Roczna l.pas. Dworzec % Poprawnych
16 mln Kraków Główny
92%
15.1 mln Warszawa Centralna
92%
19 mln Wrocław Główny
92%
10.3 mln Gdańsk Główny
90%
19.3 mln Poznań Główny
90%
15 mln Warszawa Zachodnia
88%
16.5 mln Warszawa Wschodnia
86%
11.9 mln Katowice
79%
11.2 mln Gdynia Główna
74%
19.4 mln Warszawa Śródmieście
45%
Nie znaleziono quizów pasujących do podanych kryteriów
Rozkład punktacji
Procent ludzi z każdym wynikiem
Percentyl według liczby udzielonych odpowiedzi
Twoja historia wyników
Nie rozwiązałeś tego quizu